Ամերիկայի Հայ Ավետարանչական ընկերակցությունը Հայաստանում 1991-2021 թթ. / (Record no. 529499)
[ view plain ]
| 000 -LEADER | |
|---|---|
| fixed length control field | 01273nam a2200253 a 4500 |
| 001 - CONTROL NUMBER | |
| control field | 1939591 |
| 003 - CONTROL NUMBER IDENTIFIER | |
| control field | AM-YEHGA |
| 005 - DATE AND TIME OF LATEST TRANSACTION | |
| control field | 20250617164803.0 |
| 008 - FIXED-LENGTH DATA ELEMENTS--GENERAL INFORMATION | |
| fixed length control field | 240126s2023 ai o||||||||||||||0|arm|d |
| 020 ## - INTERNATIONAL STANDARD BOOK NUMBER | |
| International Standard Book Number | 9789939117409 |
| 040 ## - CATALOGING SOURCE | |
| Original cataloging agency | AM-YeHGA |
| 041 0# - LANGUAGE CODE | |
| Language code of text/sound track or separate title | arm |
| 090 ## - LOCALLY ASSIGNED LC-TYPE CALL NUMBER (OCLC); LOCAL CALL NUMBER (RLIN) | |
| -- | 567934 |
| 100 1# - MAIN ENTRY--PERSONAL NAME | |
| Personal name | Մարդոյան, Անդրանիկ |
| 245 10 - TITLE STATEMENT | |
| Title | Ամերիկայի Հայ Ավետարանչական ընկերակցությունը Հայաստանում 1991-2021 թթ. / |
| Statement of responsibility, etc. | Ա. Մարդոյան ; Առաջաբանի հեղինակ՝ Զ. Խանճեան ; Ամերիկայի Հայ Ավետարանչական ընկերակցություն. |
| 260 ## - PUBLICATION, DISTRIBUTION, ETC. | |
| Place of publication, distribution, etc. | Երևան : |
| Name of publisher, distributor, etc. | Ամերիկայի Հայ Ավետարանչական ընկերակցություն, |
| Date of publication, distribution, etc. | 2023. |
| 300 ## - PHYSICAL DESCRIPTION | |
| Extent | 505 էջ ։ |
| Other physical details | լուսանկ․ ; |
| Dimensions | 24 սմ. |
| 500 ## - GENERAL NOTE | |
| General note | Գրքի կազմին՝ 30 տարի 1991-2021։ |
| 610 14 - SUBJECT ADDED ENTRY--CORPORATE NAME | |
| Corporate name or jurisdiction name as entry element | Ամերիկայի Հայ Ավետարանչական ընկերակցություն |
| 650 14 - SUBJECT ADDED ENTRY--TOPICAL TERM | |
| Topical term or geographic name entry element | Հայկական բարեգործական ընկերություններ |
| 700 1# - ADDED ENTRY--PERSONAL NAME | |
| Personal name | Խանճեան, Զաւէն |
| Dates associated with a name | 1944-2024 |
| Relator term | առաջաբ․ |
| Relationship | aui |
| 710 2# - ADDED ENTRY--CORPORATE NAME | |
| Corporate name or jurisdiction name as entry element | Ամերիկայի Հայ Ավետարանչական ընկերակցություն |
| 942 ## - ADDED ENTRY ELEMENTS (KOHA) | |
| Source of classification or shelving scheme | Universal Decimal Classification |
| Koha item type | Գրքեր / Books |
| Withdrawn status | Lost status | Source of classification or shelving scheme | Damaged status | Not for loan | Collection | Home library | Current library | Date acquired | Total checkouts | Full call number | Barcode | Date last seen | Price effective from | Koha item type | Public note |
|---|---|---|---|---|---|---|---|---|---|---|---|---|---|---|---|
| Universal Decimal Classification | General | Fundamental Scientific Library | Fundamental Scientific Library | 01/02/2024 | AII/111462 | FL0681936 | 01/02/2024 | 01/02/2024 | Գրքեր / Books | 30 Days Loan |
ՀՀ Գիտությունների ազգային ակադեմիայի հիմնարար գիտական գրադարան = Fundamental Scientific Library of NAS RA
All site content, except where otherwise noted, is licensed under a